Przystanki linii tramwajowej 17 GZM - Statystyki

Ogólne statystyki
  • Ten quiz został rozwiązany 33 razy
  • Średni wynik to 15 z 26
Statystyki odpowiedzi
Miasto Przystanek % Poprawnych
Ruda Śląska Chebzie Pętla
88%
Chorzów Chorzów Rynek
88%
Ruda Śląska Chebzie Pawła
81%
Świętochłowice Lipiny Targowisko
81%
Chorzów Chorzów Kościół św. Jadwigi
69%
Bytom Łagiewniki Targowisko
69%
Świętochłowice Świętochłowice Gazownia
69%
Świętochłowice Świętochłowice Polna
69%
Świętochłowice Lipiny Zakłady Silesia
63%
Świętochłowice Piaśniki Skrzyżowanie
63%
Chorzów Chorzów Omańkowskiej
56%
Świętochłowice Chropaczów Osiedle na Wzgórzu
56%
Świętochłowice Chropaczów Szkoła
56%
Świętochłowice Lipiny Bukowego
56%
Świętochłowice Świętochłowice Muzeum Powstań Śląskich
56%
Chorzów Chorzów Bałtycka
50%
Świętochłowice Chropaczów Konstantego Wolnego
50%
Świętochłowice Lipiny Mijanka
50%
Chorzów Chorzów Sobieskiego
44%
Świętochłowice Piaśniki Osiedle Skałka
44%
Świętochłowice Świętochłowice Kościół
44%
Świętochłowice Świętochłowice Mijanka
44%
Chorzów Chorzów Dworcowa
38%
Chorzów Chorzów Żeromskiego
38%
Świętochłowice Chropaczów Osiedle Wiechaczka
31%
Świętochłowice Chropaczów Ratusz
31%
Nie znaleziono quizów pasujących do podanych kryteriów
Rozkład punktacji
Procent ludzi z każdym wynikiem
Percentyl według liczby udzielonych odpowiedzi
Twoja historia wyników
Nie rozwiązałeś tego quizu